| 000 | 01068nam a2200241Ia 4500 | ||
|---|---|---|---|
| 003 | Ost | ||
| 005 | 20260507075040.0 | ||
| 008 | 260507s9999||||xx |||||||||||||| ||und|| | ||
| 040 | _cfsecg | ||
| 041 | _aara | ||
| 082 | _a330 | ||
| 100 |
_aالباز، عباس أحمد محمد _eمؤلف |
||
| 245 | 0 |
_aأحكام صرف النقود والعمليات في الفقه الإسلامي : _bوتطبيقاته المعاصرة / _c عباس أحمد محمد الباز |
|
| 250 | _aطبعة 2 | ||
| 260 |
_aعمان: _bدار النفائس, _c1999 |
||
| 300 |
_a239 صفحة؛ _c24 سم |
||
| 504 | _aببلوغرافيا ص.228 | ||
| 520 | _aعقد الصرف في الفقه الإسلامي ومشروعيته،اركان عقد الصرف وشروطه،الوكالة والحوالة والمواعدة في الصرف،التطبيقات المعاصرة للصرف،الصرف كما تمارسه المصارف المعاصرة | ||
| 653 | _aالبنوك | ||
| 653 | _aالفقه الاسلامي | ||
| 653 | _aالنقود | ||
| 942 | _cكتاب | ||
| 999 |
_c42493 _d42493 |
||